000 00336nam a22001337a 4500
008 181017b xxu||||| |||| 00| 0 eng d
020 _a0060144874
041 _aeng
080 _23 ED
_a330
100 _a59
101 _aBIS
245 _aThe Successful Supervisor In Gonvernment And Business
_cDersal.W.R
942 _2udc
_cBK
999 _c50065
_d50065